01289cam a22003255a 4500001001000000003000400010005001700014008004100031020001800072040004000090082001700130100003600147245006100183250001200244260004800256300003500304500005100339500002900390500002200419500005400441504003300495530002400528650003600552653001800588700002400606942000800630999001700638952014800655952016000803016514956OSt20160515132847.0130823s2014 enka frbd 001 0 eng d a9780273764595 aStDuBDSbengcStDuBDSdUkdEG-ScBUE04a302222bHOG1 aHogg, Michael A.,d1954-93997610aSocial psychology /cMichael A. Hogg, Graham M. Vaughan. a7th ed. aHarlow :bPearson Education Limited,c2014. axxix, 749 p. :bill. ;c27 cm. aPrevious edition: Harlow: Prentice Hall, 2011. aGlossary : p. [656]-666. aIncludes indexes. aIncludes Mypsychlab : student access code inside. aBibliography : p. [667]-731. aAlso issued online. 7aSocial psychology.2BUEsh99682 bNNURcMay20161 aVaughan, Graham M., 2ddc c21740d21712 00102ddc40708AlahramaMAINbMAINc1STd2016-05-15ePurchaseg295.00l2m24o302 HOGp000032483r2026-05-12 00:00:00s2016-11-13v368.75yBB 00102ddc40708AlahramaMAINbMAINc1STd2016-05-15ePurchaseg295.00l3m31o302 HOGp000032484q2025-10-18r2025-09-17 00:00:00s2025-09-17v368.75yBB